000 00408nam a2200169Ia 4500
008 170705s9999 xx 000 0 und d
020 _a9780439790673
245 _aBeach day! /
245 _cPatricia Lankin ; pictures by Scott Nash.
260 _aNew York :
260 _bScholastic,
260 _c2004
300 _aunpaged :
300 _bcolor illustration ;
300 _c27cm.
500 _a100
999 _c336936
_d336936